| 000 | 02097cam a22004934i 4500 | ||
|---|---|---|---|
| 003 | PE-LiUPU | ||
| 005 | 20250731172727.0 | ||
| 008 | 150617s1968 sp rb 000 0 spa d | ||
| 035 | _a(Sirsi) a11351 | ||
| 040 |
_aPE-LiUPU _bspa _cPE-LiUPU _erda |
||
| 049 | _aPRUA | ||
| 082 | 0 | 4 |
_a220.7 _bF64 _221 |
| 100 | 1 |
_aFlores, José, _eautor. |
|
| 245 | 1 | 1 |
_a¿Qué es la Biblia? / _cJosé Flores. |
| 264 | 1 |
_aBarcelona : _bEditorial Alturas, _c1968. |
|
| 300 |
_a173 páginas ; _c21 centímetros |
||
| 336 |
_atext _2rdacontent |
||
| 337 |
_aunmediated _2rdamedia |
||
| 338 |
_avolume _2rdacarrier |
||
| 504 | _aIncluye bibliografía. | ||
| 505 | 0 | _aLa Biblia -- El oriente y la Biblia -- Las lenguas de la Biblia -- La inspiración de la Biblia -- Historia, revelación y plan de la Biblia -- Los libros de la Biblia -- Traduciendo la Biblia -- La Biblias en español -- Interpretando la Biblia -- La ciencia y la Biblia -- La Biblia y la Teología. | |
| 526 | _aSEG42 | ||
| 526 | _aSEG41 | ||
| 526 | _aSEG40 | ||
| 526 | _aSEG39 | ||
| 526 | _aP94 | ||
| 526 | _aP87 | ||
| 526 | _aP86 | ||
| 526 | _aP85 | ||
| 526 | _aP77 | ||
| 526 | _aP76 | ||
| 526 | _aP35 | ||
| 630 |
_aBiblia _xIntroducciones. _92045 |
||
| 910 |
_ajck _bjvq _cjck _d20150616 |
||
| 942 |
_2ddc _cBOOK |
||
| 949 |
_a220.7 F64 _wDEWEY _c1 _i15630 _lCCODEBUL1 _mBUL _p20.00 _r0 _sY _tBOOK _u19780528 _xTEOLOGIA _PP35 _0COMPRA _o.STAFF. Colección Teología |
||
| 949 |
_a220.7 F64 _wDEWEY _c2 _i15629 _lCCODEBUL1 _mBUL _p20.00 _r0 _sY _tBOOK _u19780528 _xTEOLOGIA _PP35 _0COMPRA _o.STAFF. Colección Teología |
||
| 994 |
_aC0 _bPEPRU |
||
| 596 | _a1 | ||
| 999 |
_a220.7 F64 _wDEWEY _c1493 _i15630 _d1493 _e2016-3-30 _f2019-12-9 _g4 _lDISCARD _mBUL _n1 _p20.00 _r0 _sY _tBOOK _u2015-6-17 _xTEOLOGIA _PP35 _0COMPRA _o.STAFF. Colección Teología |
||
| 999 |
_a220.7 F64 _wDEWEY _c2 _i15629 _d2016-4-13 _e2016-4-12 _f2021-11-11 _g5 _lCCODEBUL1 _mBUL _n2 _p20.00 _r0 _sY _tBOOK _u2015-6-17 _xTEOLOGIA _PP35 _0COMPRA _o.STAFF. Colección Teología |
||
| 980 |
_81 _gALBERTO SANCHEZ Responsable de Automatización |
||